Planning for fish farming (Record no. 108313)

MARC details
000 -LEADER
fixed length control field 01124cad a22002295a 4500
001 - CONTROL NUMBER
control field E143900
008 - FIXED-LENGTH DATA ELEMENTS--GENERAL INFORMATION
fixed length control field 080605s2007 stk f a000 0 eng u
020 ## - INTERNATIONAL STANDARD BOOK NUMBER
International Standard Book Number 9780755965533
022 1# - INTERNATIONAL STANDARD SERIAL NUMBER
International Standard Serial Number 1741-1203
035 ## - SYSTEM CONTROL NUMBER
System control number (Sirsi) u143900
041 0# - LANGUAGE CODE
Language code of text/sound track or separate title eng
050 04 - LIBRARY OF CONGRESS CALL NUMBER
Classification number 711.1 $2 18
110 1# - MAIN ENTRY--CORPORATE NAME
Corporate name or jurisdiction name as entry element Scotland
Subordinate unit Scottish Executive
-- Development Department
245 00 - TITLE STATEMENT
Title Planning for fish farming
Remainder of title Scottish planning policy SPP 22
Medium [electronic resource]
260 ## - PUBLICATION, DISTRIBUTION, ETC.
Place of publication, distribution, etc. Edinburgh
Name of publisher, distributor, etc. Scottish Executive
Date of publication, distribution, etc. 2007
490 #0 - SERIES STATEMENT
Series statement Scottish Planning Policies
Volume/sequential designation SPP 22
520 ## - SUMMARY, ETC.
Summary, etc. Sets out the planning context for the drawing up of development plans by planning authorities that relate to the location of proposed new fish farms. Also offers advice on issues to be considered when looking at proposals for new, or alterations to existing, marine or freshwater fish farms.
651 #4 - SUBJECT ADDED ENTRY--GEOGRAPHIC NAME
Geographic name Scotland
Chronological subdivision 1999-
690 ## - LOCAL SUBJECT ADDED ENTRY--TOPICAL TERM (OCLC, RLIN)
Topical term or geographic name as entry element ENVIRONMENTAL AND LAND CONSULTANCY-PLANNING AND DEVELOPMENT-PLANNING GUIDANCE
856 41 - ELECTRONIC LOCATION AND ACCESS
Uniform Resource Identifier <a href="https://www.scotland.gov.uk/Publications/2007/03/29102058/0">https://www.scotland.gov.uk/Publications/2007/03/29102058/0</a>
Public note View the guidance free of charge at www.scotland.gov.uk...
942 ## - ADDED ENTRY ELEMENTS (KOHA)
Suppress in OPAC 0
Holdings
Withdrawn status Lost status Source of classification or shelving scheme Damaged status Not for loan Home library Current library Shelving location Date acquired Total Checkouts Full call number Barcode Date last seen Copy number Price effective from Koha item type
    Dewey Decimal Classification     Virtual Virtual Online 05/06/2008   ONLINE PUBLICATION 143900-2001 06/08/2019 1 06/08/2019 Book